Digital system design using programmable logic devices / (Record no. 182382)

000 -LEADER
fixed length control field 00845 a2200205 4500
003 - CONTROL NUMBER IDENTIFIER
control field Nust
005 - DATE AND TIME OF LATEST TRANSACTION
control field 20221202122241.0
010 ## - LIBRARY OF CONGRESS CONTROL NUMBER
LC control number 89023162
020 ## - INTERNATIONAL STANDARD BOOK NUMBER
International Standard Book Number 0132150883 :
040 ## - CATALOGING SOURCE
Transcribing agency Nust
082 00 - DEWEY DECIMAL CLASSIFICATION NUMBER
Classification number 621.38153,LAL
100 1# - MAIN ENTRY--PERSONAL NAME
Personal name Lala, Parag K.,
9 (RLIN) 104009
245 10 - TITLE STATEMENT
Title Digital system design using programmable logic devices /
Statement of responsibility, etc. Parag K. Lala.
260 ## - PUBLICATION, DISTRIBUTION, ETC.
Place of publication, distribution, etc. Hyderabad
Name of publisher, distributor, etc. BS publications
Date of publication, distribution, etc. c1990.
300 ## - PHYSICAL DESCRIPTION
Extent xii, 286 p. :
Other physical details ill. ;
Dimensions 24 cm.
505 ## - FORMATTED CONTENTS NOTE
Formatted contents note Introduction (Page-1), Programmable Read only Memory (Page-21), Field-Programmable Combinational Devices(Page-47), Field-Programmable Logic Sequencers (Page-84), Programmable Array Logic (Page-114), New Generation of Programmable Logic Device (Page-167), Logic Cell Array (Page-242).
650 #0 - SUBJECT ADDED ENTRY--TOPICAL TERM
Topical term or geographic name entry element Digital electronics.
650 #0 - SUBJECT ADDED ENTRY--TOPICAL TERM
Topical term or geographic name entry element Telecommunication Engineering
942 ## - ADDED ENTRY ELEMENTS (KOHA)
Source of classification or shelving scheme
Koha item type Book
Holdings
Withdrawn status Lost status Source of classification or shelving scheme Damaged status Not for loan Permanent Location Current Location Shelving location Date acquired Full call number Barcode Date last seen Price effective from Koha item type Public note
          Military College of Signals (MCS) Military College of Signals (MCS) General Stacks 12/12/2016 621.38153,LAL MCS30284 12/08/2016 12/12/2016 Book Almirah No.34, Shelf No.2
© 2023 Central Library, National University of Sciences and Technology. All Rights Reserved.